000 04799cam a2200445 a 4500
001 76920
005 20230410103635.0
008 921028s1993 nyua b 001 0 eng
010 _a 92039969
035 _a(OCoLC)ocm27035662
040 _aDLC
_cDLC
_dUV$
_dBAKER
_dBTCTA
_dYDXCP
_dOCLCG
_dSNK
020 _a0688115438 (acid-free paper) :
_c$25.00
020 _a9780688115432 (acid-free paper)
035 _a(OCoLC)27035662
043 _anwaq---
050 1 4 _a202 F 2035
_bC787c 1993
082 0 0 _a972.974
049 _aGRAL
100 1 _aCoram, Robert.
245 1 0 _aCaribbean time bomb :
_bthe United States' complicity in the corruption of Antigua /
_cRobert Coram.
250 _a1st ed.
260 _aNew York :
_bMorrow,
_cc1993.
300 _ax, 278 p. :
_bill. ;
_c25 cm.
504 _aIncludes bibliographical references (p. [263]-266) and index.
505 0 _abk. 1. Under the tamarind tree: Cockles and widdy widdy bushes ; Sugar and slaves and everything bad ; The Birds flock ... and meet a newspaperman ; "I would do it again" ; Firebrand ; "My people, we are free this night" ; Lester and the golden goose ; Rossano Brazzi is enchanted ; Guano and literature ; Behind God's back ; Sandmen, bad men, and llamas -- bk. 2. Each endeavoring, all achieving: War and friendship ; Peace and friendship ; God's link between heaven and earth ; Taller than a palm tree ; Good intentions ; Heart of the Caribbean ; Antigua is too beautiful ; V.C. Bird is in charge and let no damn dog bark ; High rollers ; "Captain, the ship is sinking" -- bk. 3. Antigua me come from: "As governor-general, I must stay above politics" ; Fungi man ; Assassins and a government minister ; Giant malt ; Playing Warri with God -- Epilogue.
520 1 _a"The story of Antigua, its ruling family, and the corruption that has swept over the island since 1978 provides the core of this penetrating investigation of the Caribbean's dirtiest little secret. But surrounding that core is the equally disturbing account of the United States indifference to, and deep involvement with, that corruption. First brought to public light in author Robert Coram's lengthy New Yorker article about Antigua and Barbuda, these shocking truths about a presumed island paradise are now fully revealed for the first time:" "Despite its tourist-based economy, Antigua presents the greatest large-scale health hazard of any Caribbean island. Raw sewage from more than a dozen hotels and restaurants is pumped into the sea in the middle of the island's two most popular beaches." "Since 1978, the United States has spent nearly $200 million in Antigua to maintain and expand virtually useless air force and naval bases to support a friendly but bloodsucking regime." "On at least three occasions the United States Navy smuggled arms to South Africa by transshipment through Antigua, in defiance of the United Nations embargo." "The United States Embassy in Antigua, its smallest in the world, has been presided over by a charge d'affaires who has twice been investigated by the State Department.".
520 8 _a"Among the many notorious, celebrated, and shady personages who appear in the book are Robert Vesco, the fugitive capitalist who cheated investors out of more than $200 million and who is still wanted in this country for an illegal campaign contribution to Richard Nixon; Gerald Bull, the mysterious arms-building genius who was assassinated in Brussels; Rodriguez Gacha of the Medellin drug cartel; Donald and Ivana Trump; Saddam Hussein; and Rosanno Brazzi, the 1950s movie star of South Pacific, who was indicted for gunrunning. And overriding them all are the members of Antigua's ruling family, the Birds, most particularly Prime Minister Vere Cornwall Bird and two of his sons, Lester and Vere, Jr." "V. C. Bird has held power longer than any other ruler in the world; and the unfolding of his descent into ruthlessness, greed, and venality is especially dismaying. For it was he who led his people's movement for freedom from the yoke of colonialism, only to destroy the dream he helped create."--BOOK JACKET.
651 0 _aAntigua and Barbuda
_xPolitics and government.
600 1 0 _aBird, Vere Cornwall,
_d1909-
650 0 _aPolitical corruption
_zAntigua and Barbuda
_xHistory
_y20th century.
651 0 _aAntigua and Barbuda
_xRelations
_zUnited States.
651 0 _aUnited States
_xRelations
_zAntigua and Barbuda.
651 4 _aAntigua
_xCondiciones económicas.
651 4 _aBarbuda
_xCondiciones económicas.
651 4 _aAntigua y Barbuda
_xPolítica y gobierno.
650 4 _aCorrupción política
_xAntigua y Barbuda
_xHistoria
_ySiglo XX.
651 4 _aAntigua y Barbuda
_xRelacioneszEstados Unidos.
651 4 _aEstados Unidos
_xRelaciones
_zAntigua y Barbuda.
942 _2lcc
_cbk
999 _c23023
_d23023